| 000 | 00739nam a2200205 a 4500 | ||
|---|---|---|---|
| 003 | 0 | ||
| 005 | 20250204142209.0 | ||
| 008 | 130830s19uu xx 00 eng d | ||
| 050 |
_aPGS GV 1469.35 _b.L732 2013 |
||
| 100 | _aLim, Yeong Seop. | ||
| 245 |
_aTypes of computer games and reading skills / _cYeong Seop Lim. |
||
| 260 |
_aLas PiƱas City, Philippines : _bSouthville International School and Colleges, _c2013. |
||
| 300 |
_a22 p. : _bill. ; _c28 cm. |
||
| 504 | _aIncludes bibliographical references. | ||
| 650 | _aVideo games in education. | ||
| 650 |
_aComputer games _vEducational aspects. |
||
| 650 |
_aReading comprehension _vEffect of technology on. |
||
| 650 |
_aLiteracy _vEffect of video games on. |
||
| 942 |
_2lcc _cPASS |
||
| 999 |
_c99047 _d99047 |
||